| 000 | 01178nam a22002777a 4500 | ||
|---|---|---|---|
| 003 | dpl | ||
| 005 | 20180808155926.0 | ||
| 008 | 180808b xxu||||| |||| 00| 0 eng d | ||
| 010 | _aB-184867 | ||
| 020 |
_c00.00 _a8188118788 |
||
| 035 | _aB-184867, B-184868 | ||
| 037 | _bCen Lib/Ret | ||
| 040 |
_aDPL _bHN _c0 |
||
| 082 |
_a824 _bपालीवा |
||
| 100 |
_aपालीवाल, कृष्णदत्त _944529 |
||
| 245 |
_aउत्तर आधुनिकतावाद की ओर / _cकृष्णदत्त पालीवाल |
||
| 246 |
_aUttar adhuniktavad ki or / _bby Krshnadutt Paliwal |
||
| 260 |
_aदिल्ली _bआर्य प्रकाशन मंडल _c2005 |
||
| 270 |
_bदिल्ली _aIX/221, सरस्वती भंडार, गांधीनगर _e110031 |
||
| 300 |
_a316पृ. _c21सेमी(सजिल्द) |
||
| 650 |
_aआधुनिकतावाद -- इतिहास _95755 |
||
| 650 |
_aआधुनिकतावाद _944530 |
||
| 650 |
_aModernism -- history _944531 |
||
| 650 |
_aModernism _944532 |
||
| 942 |
_2ddc _cHN _h824 _mपालीवा |
||
| 999 |
_c111792 _d111792 |
||